Vol. 19 : Lifelong Wellbeing in the World (WELLSO 2016): III International Scientific Symposium, 11-16 September 2016, Tomsk, Russian Federation; [proceedings]; The European Proceedings of Social & Behavioural Sciences (EpSBS)

מידע ביבליוגרפי
Parent link:The European Proceedings of Social & Behavioural Sciences (EpSBS). Vol. 19 : Lifelong Wellbeing in the World (WELLSO 2016)
Corporate Authors: National Research Tomsk Polytechnic University (TPU), Lifelong Wellbeing in the World (WELLSO 2016)
מחברים אחרים: Casati F. Fabio (редактор), Barysheva G. A. Galina Anzelmovna
סיכום:Title screen
שפה:אנגלית
יצא לאור: 2017
נושאים:
גישה מקוונת:http://www.futureacademy.org.uk/publication/EpSBS/WELLSO2016
פורמט: אלקטרוני ספר
KOHA link:https://koha.lib.tpu.ru/cgi-bin/koha/opac-detail.pl?biblionumber=653331

MARC

LEADER 00000nlm2a2200000 4500
001 653331
005 20231220135241.0
035 |a (RuTPU)RU\TPU\network\18772 
035 |a RU\TPU\network\11960 
090 |a 653331 
100 |a 20170227a2017 k y0engy50 ba 
101 0 |a eng 
105 |a y z 100zy 
135 |a drcn ---uucaa 
181 0 |a i  
182 0 |a b 
200 0 |a Vol. 19 : Lifelong Wellbeing in the World (WELLSO 2016)  |e III International Scientific Symposium, 11-16 September 2016, Tomsk, Russian Federation  |e [proceedings]  |f National Research Tomsk Polytechnic University (TPU) ; eds. F. Casati ; G. A. Barysheva 
203 |a Text  |c electronic 
210 |d 2017 
300 |a Title screen 
461 1 |0 (RuTPU)RU\TPU\network\11959  |t The European Proceedings of Social & Behavioural Sciences (EpSBS)  |v Vol. 19 : Lifelong Wellbeing in the World (WELLSO 2016) 
606 1 |a Уровень жизни  |y Россия  |x Экономика  |2 stltpush  |3 (RuTPU)RU\TPU\subj\37180 
606 1 |a Общественное развитие  |x Социология  |2 stltpush  |3 (RuTPU)RU\TPU\subj\37763  |9 58588 
610 1 |a конференции 
610 1 |a труды учёных ТПУ 
610 1 |a электронный ресурс 
610 1 |a благополучие 
610 1 |a пожилые люди 
610 1 |a инновации 
610 1 |a социальное обеспечение 
610 1 |a социальная политика 
686 |a У9(2)0-94л0  |2 rubbk 
686 |a С550л0  |2 rubbk 
702 1 |a Casati  |b F.  |c lead scientist, Professor, Department of engineering and computer information University of Trento (Italy)  |c Italian Professor of Tomsk Polytechnic University, Candidate of technical Sciences  |f 1971-  |g Fabio  |3 (RuTPU)RU\TPU\pers\39820  |4 340 
702 1 |a Barysheva  |b G. A.  |c Economist  |c Professor of Tomsk Polytechnic University, Doctor of economic sciences (DSc)   |f 1961-  |g Galina Anzelmovna  |3 (RuTPU)RU\TPU\pers\30398  |4 340  |9 14741 
712 0 2 |a National Research Tomsk Polytechnic University (TPU)  |3 (RuTPU)RU\TPU\col\18773 
712 1 2 |a Lifelong Wellbeing in the World (WELLSO 2016)  |c Symposium  |e Tomsk  |f 2016 
801 2 |a RU  |b 63413507  |c 20171113  |g RCR 
856 4 |u http://www.futureacademy.org.uk/publication/EpSBS/WELLSO2016 
942 |c CF